| 000 | 00497nam a2200169Ia 4500 | ||
|---|---|---|---|
| 008 | 090201s9999 xx 000 0 und d | ||
| 010 | _aKPL-2347 | ||
| 040 | _bमराठी | ||
| 041 | _aमराठी | ||
| 082 |
_a53152 _b2347 |
||
| 100 | _aशरद पवार | ||
| 245 |
_aपहाट झाली _cशरद पवार |
||
| 260 |
_c1955 _bयूगवाणी प्रकाशन |
||
| 300 |
_a101 _bमोठा |
||
| 600 | _aपहाट झाली | ||
| 942 | _cBOOK | ||
| 999 |
_c249576 _d249576 |
||